<?xml version="1.0" encoding="UTF-8"?>
<record
    xmlns:xsi="http://www.w3.org/2001/XMLSchema-instance"
    xsi:schemaLocation="http://www.loc.gov/MARC21/slim http://www.loc.gov/standards/marcxml/schema/MARC21slim.xsd"
    xmlns="http://www.loc.gov/MARC21/slim">

  <leader>00747nam a22001697a 4500</leader>
  <controlfield tag="005">20150124121239.0</controlfield>
  <controlfield tag="008">110330t        xxu||||| |||| 00| 0 sp d</controlfield>
  <datafield tag="020" ind1=" " ind2=" ">
    <subfield code="a">8439574185 (O.C.)</subfield>
  </datafield>
  <datafield tag="050" ind1="0" ind2="4">
    <subfield code="a">N5300</subfield>
    <subfield code="b">G73 1998</subfield>
  </datafield>
  <datafield tag="245" ind1="0" ind2="0">
    <subfield code="a">Gran Historia del Arte</subfield>
  </datafield>
  <datafield tag="250" ind1=" " ind2=" ">
    <subfield code="a">1a ed.</subfield>
  </datafield>
  <datafield tag="260" ind1=" " ind2=" ">
    <subfield code="a">Espa&#xF1;a:</subfield>
    <subfield code="b">Planeta,</subfield>
    <subfield code="c">1998</subfield>
  </datafield>
  <datafield tag="300" ind1=" " ind2=" ">
    <subfield code="a">v.:</subfield>
    <subfield code="b">ill.;</subfield>
    <subfield code="c">29 cm.</subfield>
  </datafield>
  <datafield tag="505" ind1=" " ind2=" ">
    <subfield code="a">Contenido : gv.1 tLas primeras civilizaciones.-- gv.2 tLa antig&#xFC;edad cl&#xE1;sica.-- gv.3 tLa edad media T*.-- gv.4  tLa edad media T**.-- gv.5 tEl renacimiento T*.-- gv.6  tEl renacimiento T** y el manierismo.-- gv.7  tEl Barroco y el Rococ&#xF3;.--gv.8  tEl siglo XIX.-- gv.9  tEl siglo XX.-- gv.10 t&#xC1;frica, Am&#xE9;rica y Asia.</subfield>
  </datafield>
  <datafield tag="650" ind1=" " ind2="7">
    <subfield code="2">Lemb</subfield>
    <subfield code="a">Artes Visuales</subfield>
    <subfield code="x">Historia</subfield>
  </datafield>
  <datafield tag="942" ind1=" " ind2=" ">
    <subfield code="2">ddc</subfield>
    <subfield code="c">LIB</subfield>
  </datafield>
  <datafield tag="999" ind1=" " ind2=" ">
    <subfield code="c">7751</subfield>
    <subfield code="d">7751</subfield>
  </datafield>
  <datafield tag="952" ind1=" " ind2=" ">
    <subfield code="1">0</subfield>
    <subfield code="2">lcc</subfield>
    <subfield code="4">0</subfield>
    <subfield code="7">0</subfield>
    <subfield code="a">LIC-037</subfield>
    <subfield code="b">LIC-037</subfield>
    <subfield code="c">GENERAL</subfield>
    <subfield code="d">2011-03-30</subfield>
    <subfield code="h">BBA000000538</subfield>
    <subfield code="o">N5300 G73 1998</subfield>
    <subfield code="p">BBA000000538</subfield>
    <subfield code="r">2015-01-16 00:00:00</subfield>
    <subfield code="t">V.1 C:1</subfield>
    <subfield code="y">LIB</subfield>
  </datafield>
  <datafield tag="952" ind1=" " ind2=" ">
    <subfield code="1">0</subfield>
    <subfield code="2">lcc</subfield>
    <subfield code="4">0</subfield>
    <subfield code="7">0</subfield>
    <subfield code="a">LIC-037</subfield>
    <subfield code="b">LIC-037</subfield>
    <subfield code="c">GENERAL</subfield>
    <subfield code="d">2011-03-30</subfield>
    <subfield code="h">BBA000000539</subfield>
    <subfield code="o">N5300 G73 1998</subfield>
    <subfield code="p">BBA000000539</subfield>
    <subfield code="r">2015-01-16 00:00:00</subfield>
    <subfield code="t">V.2 C:1</subfield>
    <subfield code="y">LIB</subfield>
  </datafield>
  <datafield tag="952" ind1=" " ind2=" ">
    <subfield code="1">0</subfield>
    <subfield code="2">lcc</subfield>
    <subfield code="4">0</subfield>
    <subfield code="7">0</subfield>
    <subfield code="a">LIC-037</subfield>
    <subfield code="b">LIC-037</subfield>
    <subfield code="c">GENERAL</subfield>
    <subfield code="d">2011-03-30</subfield>
    <subfield code="h">BBA000000540</subfield>
    <subfield code="o">N5300 G73 1998</subfield>
    <subfield code="p">BBA000000540</subfield>
    <subfield code="r">2015-01-16 00:00:00</subfield>
    <subfield code="t">V.3 C:1</subfield>
    <subfield code="y">LIB</subfield>
  </datafield>
  <datafield tag="952" ind1=" " ind2=" ">
    <subfield code="1">0</subfield>
    <subfield code="2">lcc</subfield>
    <subfield code="4">0</subfield>
    <subfield code="7">0</subfield>
    <subfield code="a">LIC-037</subfield>
    <subfield code="b">LIC-037</subfield>
    <subfield code="c">GENERAL</subfield>
    <subfield code="d">2011-03-30</subfield>
    <subfield code="h">BBA000000541</subfield>
    <subfield code="o">N5300 G73 1998</subfield>
    <subfield code="p">BBA000000541</subfield>
    <subfield code="r">2015-01-16 00:00:00</subfield>
    <subfield code="t">V.4 C:1</subfield>
    <subfield code="y">LIB</subfield>
  </datafield>
  <datafield tag="952" ind1=" " ind2=" ">
    <subfield code="1">0</subfield>
    <subfield code="2">lcc</subfield>
    <subfield code="4">0</subfield>
    <subfield code="7">0</subfield>
    <subfield code="a">LIC-037</subfield>
    <subfield code="b">LIC-037</subfield>
    <subfield code="c">GENERAL</subfield>
    <subfield code="d">2011-03-30</subfield>
    <subfield code="h">BBA000000542</subfield>
    <subfield code="o">N5300 G73 1998</subfield>
    <subfield code="p">BBA000000542</subfield>
    <subfield code="r">2015-01-16 00:00:00</subfield>
    <subfield code="t">V.5 C:1</subfield>
    <subfield code="y">LIB</subfield>
  </datafield>
  <datafield tag="952" ind1=" " ind2=" ">
    <subfield code="1">0</subfield>
    <subfield code="2">lcc</subfield>
    <subfield code="4">0</subfield>
    <subfield code="7">0</subfield>
    <subfield code="a">LIC-037</subfield>
    <subfield code="b">LIC-037</subfield>
    <subfield code="c">GENERAL</subfield>
    <subfield code="d">2011-03-30</subfield>
    <subfield code="h">BBA000000543</subfield>
    <subfield code="o">N5300 G73 1998</subfield>
    <subfield code="p">BBA000000543</subfield>
    <subfield code="r">2015-01-16 00:00:00</subfield>
    <subfield code="t">V.6 C:1</subfield>
    <subfield code="y">LIB</subfield>
  </datafield>
  <datafield tag="952" ind1=" " ind2=" ">
    <subfield code="1">0</subfield>
    <subfield code="2">lcc</subfield>
    <subfield code="4">0</subfield>
    <subfield code="7">0</subfield>
    <subfield code="a">LIC-037</subfield>
    <subfield code="b">LIC-037</subfield>
    <subfield code="c">GENERAL</subfield>
    <subfield code="d">2011-03-30</subfield>
    <subfield code="h">BBA000000544</subfield>
    <subfield code="o">N5300 G73 1998</subfield>
    <subfield code="p">BBA000000544</subfield>
    <subfield code="r">2015-01-16 00:00:00</subfield>
    <subfield code="t">V.7 C:1</subfield>
    <subfield code="y">LIB</subfield>
  </datafield>
  <datafield tag="952" ind1=" " ind2=" ">
    <subfield code="1">0</subfield>
    <subfield code="2">lcc</subfield>
    <subfield code="4">0</subfield>
    <subfield code="7">0</subfield>
    <subfield code="a">LIC-037</subfield>
    <subfield code="b">LIC-037</subfield>
    <subfield code="c">GENERAL</subfield>
    <subfield code="d">2011-03-30</subfield>
    <subfield code="h">BBA000000545</subfield>
    <subfield code="o">N5300 G73 1998</subfield>
    <subfield code="p">BBA000000545</subfield>
    <subfield code="r">2015-01-16 00:00:00</subfield>
    <subfield code="t">V.8 C:1</subfield>
    <subfield code="y">LIB</subfield>
  </datafield>
  <datafield tag="952" ind1=" " ind2=" ">
    <subfield code="1">0</subfield>
    <subfield code="2">lcc</subfield>
    <subfield code="4">0</subfield>
    <subfield code="7">0</subfield>
    <subfield code="a">LIC-037</subfield>
    <subfield code="b">LIC-037</subfield>
    <subfield code="c">GENERAL</subfield>
    <subfield code="d">2011-03-30</subfield>
    <subfield code="h">BBA000000546</subfield>
    <subfield code="o">N5300 G73 1998</subfield>
    <subfield code="p">BBA000000546</subfield>
    <subfield code="r">2015-01-16 00:00:00</subfield>
    <subfield code="t">V.9 C:1</subfield>
    <subfield code="y">LIB</subfield>
  </datafield>
  <datafield tag="952" ind1=" " ind2=" ">
    <subfield code="1">0</subfield>
    <subfield code="2">lcc</subfield>
    <subfield code="4">0</subfield>
    <subfield code="7">0</subfield>
    <subfield code="a">LIC-037</subfield>
    <subfield code="b">LIC-037</subfield>
    <subfield code="c">GENERAL</subfield>
    <subfield code="d">2011-03-30</subfield>
    <subfield code="h">BBA000000547</subfield>
    <subfield code="o">N5300 G73 1998</subfield>
    <subfield code="p">BBA000000547</subfield>
    <subfield code="r">2015-01-16 00:00:00</subfield>
    <subfield code="t">V.10 C:1</subfield>
    <subfield code="y">LIB</subfield>
  </datafield>
</record>
